000 01326cab a2200373 4500
001 ABS53211
008 090401t1995 xxu||||| |||| 00| 0 eng d
035 _a(Sirsi) u2670
041 _aeng
100 _aMcIntosh, A.
245 _aProperty investment vehicles: the search for the holy grail
260 _c1995
350 _a0
490 _aProperty Finance & Development
_v7(7) July 1995, 4-6(3)
520 _aRecognises the need for an alternative to direct investment in property and to overcome investors avoidance of property investment vehicles available. Considers various vehicles and how they overcome problems associated with indirect property investment.
650 _aAUTHORISED UNIT TRUSTS
650 _aBECKWITH PROPERTY FUND MANAGEMENT
650 _aFUND MANAGEMENT
650 _aINSTITUTIONAL INVESTMENT
650 _aINVESTMENT
650 _aOPEN ENDED INVESTMENT VEHICLES
650 _aPENSION FUNDS
650 _aPENSIONS BILL
650 _aPRIVATE FINANCE INITIATIVE
650 _aPROPERTY INCOME CERTIFICATES
650 _aPROPERTY INVESTMENT VEHICLES
650 _aPROPERTY INVESTMENT
650 _aREITS
650 _aREITS
650 _aCBRE
690 _aPROPERTY-COMMERCIAL PROPERTY-COMMERCIAL PROPERTY FINANCE AND INVESTMENT
942 _n0
948 _c04/03/1997
999 _c1608
_d1608